Football : buteurs lors de PSG vs OM depuis 2010 - Statistiques

Statistiques générales
  • Ce quiz a été pris 146 fois
    34 depuis la dernière actualisation
  • Le résultat moyen est 18 sur 45
Statistiques - réponses
Club Nombre de buts Joueur % Correct
PSG 9 Kylian Mbappé
96%
PSG 7 Edinson Cavani
88%
PSG 11 Zlatan Ibrahimovic
88%
OM 3 Florian Thauvin
81%
PSG 2 Marquinhos
81%
PSG 4 Neymar
81%
PSG 4 Ousmane Dembélé
81%
OM 1 Dimitri Payet
77%
PSG 1 Thiago Silva
69%
PSG 1 Vitinha
65%
PSG 5 Angel Di Maria
62%
PSG 4 Gonçalo Ramos
62%
PSG 1 Joao Neves
62%
PSG 1 Sergio Ramos
62%
PSG 1 Achraf Hakimi
58%
OM 4 André-Pierre Gignac
58%
PSG 3 Blaise Matuidi
54%
PSG 1 Lionel Messi
50%
PSG 1 Bradley Barcola
38%
OM 1 Luiz Gustavo
38%
PSG 1 Nuno Mendes
38%
PSG 2 Julian Draxler
35%
PSG 4 Mauro Icardi
35%
OM 1 André Ayew
31%
PSG 2 Lucas Moura
27%
OM 1 Valère Germain
27%
PSG 1 Guillaume Hoarau
23%
PSG 1 Randal Kolo Muani
23%
OM 1 Duje Caleta-Car
19%
PSG 2 Maxwell
19%
OM 1 Alexis Sanchez
15%
OM 2 Lucho Gonzalez
15%
OM 2 Michy Batshuayi
15%
OM 1 Amine Gouiri
12%
OM 1 Rémi Cabella
12%
OM 1 Rod Fanni
12%
OM 1 Hatem Ben Arfa
8%
PSG 2 Jérémy Ménez
8%
PSG 1 Kang-In Lee
8%
OM 1 Ruslan Malinovskyi
8%
PSG 1 Alex
4%
PSG 1 Clément Chantome
4%
PSG 1 Khvicha Kvaratskhelia
4%
PSG 1 Mevlüt Erdinç
4%
OM 1 Benoît Cheyroux
0%
Aucun quiz correspondant
Distribution des résultats
% des personnes avec chaque résultat
Percentile par nombre de réponses
Votre historique - résultats
Vous n’avez pas pris ce quiz depuis la dernière actualisation